000 00530cam a2200193 a 4500
999 _c3693
_d3693
001 18481
003 BD-DhUAP
005 20200311113546.0
008 200311s1990 enk 001 0 eng
020 _a9780571143726
040 _aBD-DhUAP
_cBD-DhUAP
_dBD-DhUAP
_bEng
082 0 0 _a821.912 HEA
_223
100 1 _aHeaney, Seamus.
245 1 0 _aNew selected poems :
_b1966-1987 /
_cSeamus Heaney.
260 _aLondon :
_bFaber and Faber,
_cc1990.
300 _ax, 245 pages ;
_c20 cm.
650 _aEnglish poetry.
942 _2ddc
_cBK